BIBLIOTHÈQUE DE LA MAISON DU MEXIQUE

Logo 1 Logo 2

Nueve ensayos sobre historiografía nacional (notice nᵒ 145)

détails MARC
000 -Sello discográfico
campo de control de longitud fija 00915nam a2200301 4500
005 - Identificación de versión
campo de control 20251016082004.0
010 ## - Número Estándar Internacional de Libros (ISBN)
Número (ISBN) 970-35-0191-5
035 ## - Otros números de control del sistema
Número de control del sistema 31676
099 ## - fechas locales
Tipo de ítem Koha LIBRO
100 ## - Datos de procesamiento general
Datos de procesamiento general 19930801d2003 m y1spay5003 ba
105 ## - Campo de datos codificados: Material textual, monográfico
Datos codificados de monografía y 001zy
200 1# - Título y mención de responsabilidad
Título propio Nueve ensayos sobre historiografía nacional
Designación general del material texto impreso
Otra información del título estado de Jalisco
Primer mención de responsabilidad José María Murià
205 ## - Declaración de edición
Declaración de edición 1a ed
210 ## - Publicación, distribución, etc.
Lugar de publicación, distribución, etc. México
Nombre del editor, distribuidor, etc. Consejo Nacional para la Cultura y las Artes
Fecha de publicación, distribución, etc. 2003
215 ## - Descripción física
Designación de material específico y extensión del ítem 165 p
Dimensiones 21 cm
300 ## - Notas generales
Texto de la nota Incluye referencias bibliográficas
345 ## - Nota de información de adquisición
Fuente de adquisición/dirección de la suscripción [OBSOLETO] Donación
410 #1 - Series
Título Regiones
607 ## - Nombre geográfico utilizado como tema
Elemento de entrada Jalisco (México)
Subdivisión temática Historia
Número Koha 508
700 ## - Nombre personal - Responsabilidad primaria
Elemento de entrada Muriá Rouret
Parte del nombre distinta del elemento de entrada José María
Fechas 1942-
Número Koha 349
801 #0 - Fuente de origen
Agencia cm
900 ## -
-- 1/10525
900 ## -
-- 710936196\\010893
942 ## - ELEMENTOS DE ENTRADA SECUNDARIOS (KOHA)
Tipo de ítem Koha Livre
996 ## -
-- MEX
-- 751145101
-- MMAG
-- 005258
-- 917.2 R336 V.55
-- 20210722LIV
Exemplaires
Estatus retirado Estado de daño Estado de pérdida Fecha de adquisición Biblioteca de origen Biblioteca actual Ubicación en estantería Código de barras Precio de reemplazo Signatura topográfica completa No para préstamo Tipo de ítem Koha Nota pública Nota no pública
      05/08/2025 Casa México Paris Casa México Paris   005258 05/08/2025 917.2 R336 V.55   Livre 20210722LIV 751145101